Drapeaux du Peuple : 12 Nations sans État - Statistiques

Statistiques générales
  • Ce quiz a été pris 39 fois
  • Le résultat moyen est 4 sur 12
Statistiques - réponses
Par images Réponse % Correct
Bretagne
91%
Groenland
83%
Basque
57%
Polynésie française
54%
Kabyle
34%
Gitan
29%
Peuples aborigènes australiens
17%
Ouïghours
14%
Inuit
11%
Maori
9%
Tchétchène
9%
Hmong
0%
Aucun quiz correspondant
Distribution des résultats
% des personnes avec chaque résultat
Percentile par nombre de réponses
Votre historique - résultats
Vous n’avez pas pris ce quiz